[Event "15th Karpov GM 2014"]
[Site "Poikovsky RUS"]
[Date "2014.05.16"]
[Round "5.4"]
[White "Eljanov, Pavel"]
[Black "Bologan, Viktor"]
[Result "0-1"]
[WhiteTitle "GM"]
[BlackTitle "GM"]
[WhiteElo "2732"]
[BlackElo "2655"]
[WhiteFideId "14102951"]
[BlackFideId "13900048"]
[EventDate "2014.05.11"]

1. d4 d5 2. c4 e6 3. Nc3 Bb4 4. e3 Nf6 5. a3 Bxc3+ 6. bxc3 O-O 7. cxd5 exd5 8.
Bd3 c5 9. Ne2 b6 10. O-O Ba6 11. f3 Re8 12. Ng3 Bxd3 13. Qxd3 Nc6 14. Ra2 Qd7
15. Re2 Rad8 16. Bb2 h5 17. Ree1 h4 18. Nh1 h3 19. g4 Nh7 20. Ng3 Ng5 21. Kh1
Na5 22. Nh5 Re7 23. Nf4 Rde8 24. dxc5 Nc4 25. Bc1 Ne5 26. Qe2 bxc5 27. Rd1 d4
28. cxd4 cxd4 29. Rxd4 Qc6 30. Nd5 Nexf3 31. Nxe7+ Rxe7 32. Rd8+ Kh7 33. Qd3+ g6
34. Rd6 Qb7 35. Rd5 Ne5 36. Qb5 Qa8 37. Kg1 Ngf3+ 38. Kf2 Nxh2 39. Rh1 a6 40.
Qb3 Nhxg4+ 41. Ke2 h2 42. e4 Qc6 43. Bd2 Kg7 44. Qc3 Qf6 45. Qg3 Rc7 46. Rxe5
Nxe5 47. Bc3 Rc4 48. Kd1 Rxe4 49. Rxh2 Qf1+ 50. Kc2 Re2+ 51. Rxe2 Qxe2+ 52. Kb3
f6 0-1

[Event "15th Karpov GM 2014"]
[Site "Poikovsky RUS"]
[Date "2014.05.17"]
[Round "6.1"]
[White "Morozevich, Alexander"]
[Black "Jakovenko, Dmitry"]
[Result "1/2-1/2"]
[WhiteTitle "GM"]
[BlackTitle "GM"]
[WhiteElo "2719"]
[BlackElo "2730"]
[WhiteFideId "4116992"]
[BlackFideId "4122356"]
[EventDate "2014.05.11"]

1. d4 Nf6 2. c4 e6 3. Nc3 Bb4 4. Qc2 O-O 5. e4 d5 6. e5 Ne4 7. Bd3 c5 8. Nf3
cxd4 9. Nxd4 Nd7 10. Bf4 Qh4 11. g3 Qh5 12. O-O g5 13. cxd5 Nxc3 14. dxe6 gxf4
15. exd7 Bxd7 16. bxc3 Rac8 17. Bf5 Bxc3 18. Bxd7 Bxa1 19. Bxc8 Bxd4 20. Bxb7 1/2-1/2

[Event "15th Karpov GM 2014"]
[Site "Poikovsky RUS"]
[Date "2014.05.17"]
[Round "6.2"]
[White "Saric, Ivan"]
[Black "Bologan, Viktor"]
[Result "0-1"]
[WhiteTitle "GM"]
[BlackTitle "GM"]
[WhiteElo "2666"]
[BlackElo "2655"]
[WhiteFideId "14508150"]
[BlackFideId "13900048"]
[EventDate "2014.05.11"]

1. e4 c5 2. Nf3 g6 3. d4 cxd4 4. Nxd4 Nc6 5. Nc3 Bg7 6. Be3 Nf6 7. Bc4 O-O 8.
Bb3 d6 9. f3 Bd7 10. Qd2 Na5 11. O-O-O Nxb3+ 12. cxb3 Rb8 13. Kb1 b5 14. g4 b4
15. Nce2 Qa5 16. h4 Rfc8 17. h5 Nxe4 18. fxe4 Qe5 19. hxg6 hxg6 20. Ka1 Qxe4 21.
Ng3 Qe5 22. Bf2 Bxg4 23. Rde1 Qd5 24. Qf4 e5 25. Qg5 Rc7 26. Ne4 Rbc8 27. Qxg4
exd4 28. Qf3 Qc6 29. Qd3 d5 30. Nd2 Qc2 31. Rh3 g5 32. Bxd4 g4 33. Bxg7 gxh3 34.
Qxh3 Qh7 35. Qxh7+ Kxh7 36. Be5 Rc1+ 37. Rxc1 Rxc1+ 38. Nb1 Kg6 39. a3 Kf5 40.
Bd6 bxa3 41. bxa3 Ke4 42. Kb2 Rc6 43. Bb8 Kd3 44. b4 a6 45. Kb3 f5 46. a4 d4 47.
Na3 Rc3+ 48. Kb2 Rc8 49. Bd6 Ke2 50. b5 d3 51. Nb1 axb5 52. axb5 Rc2+ 53. Ka1 d2
54. Nxd2 Rxd2 55. Bc7 Rd4 56. Ka2 Rb4 57. b6 Kd3 58. Ka3 Kc4 59. Ka2 Rb3 60. Ka1
Kd3 61. Ka2 Kc2 0-1

[Event "15th Karpov GM 2014"]
[Site "Poikovsky RUS"]
[Date "2014.05.17"]
[Round "6.3"]
[White "Shirov, Alexei"]
[Black "Nepomniachtchi, Ian"]
[Result "1/2-1/2"]
[WhiteTitle "GM"]
[BlackTitle "GM"]
[WhiteElo "2703"]
[BlackElo "2735"]
[WhiteFideId "2209390"]
[BlackFideId "4168119"]
[EventDate "2014.05.11"]

1. e4 c5 2. Nf3 d6 3. d4 cxd4 4. Nxd4 Nf6 5. Nc3 a6 6. Be3 e5 7. Nf3 Be7 8. Bc4
O-O 9. O-O Nc6 10. Bg5 Be6 11. Bb3 Rc8 12. Bxf6 Bxf6 13. Qd3 Na5 14. Rfd1 Be7
15. Nd5 Nxb3 16. axb3 Bxd5 17. Qxd5 Rxc2 18. Qxb7 Qc7 19. Qxc7 Rxc7 20. Rxa6 Rb8
21. Nd2 g6 22. Nc4 Rxb3 23. Rb6 Rb7 24. Rxb3 Rxb3 25. Nxd6 1/2-1/2

[Event "15th Karpov GM 2014"]
[Site "Poikovsky RUS"]
[Date "2014.05.17"]
[Round "6.5"]
[White "Sutovsky, Emil"]
[Black "Bacrot, Etienne"]
[Result "1/2-1/2"]
[WhiteTitle "GM"]
[BlackTitle "GM"]
[WhiteElo "2642"]
[BlackElo "2721"]
[WhiteFideId "2802007"]
[BlackFideId "605506"]
[EventDate "2014.05.11"]

1. e4 e5 2. Nf3 Nc6 3. Bb5 Nf6 4. O-O Nxe4 5. d4 Nd6 6. Bxc6 dxc6 7. dxe5 Nf5 8.
Qxd8+ Kxd8 9. h3 Ke8 10. Nc3 h5 11. Ne2 Be7 12. Re1 Nh4 13. Nxh4 Bxh4 14. Nd4
Be7 15. Bf4 g5 16. Bh2 Rh6 17. Rad1 a6 18. e6 Bxe6 19. Bxc7 c5 20. Nxe6 Rxe6 21.
Rxe6 fxe6 22. Be5 b5 23. g4 hxg4 24. hxg4 c4 25. Kg2 Rc8 26. Kf3 b4 27. Ke4 Rc5
28. Rh1 Ra5 29. Rh8+ Kd7 30. Rh7 Ke8 31. Rh8+ Kd7 32. Rh7 Ke8 33. Rh8+ 1/2-1/2

[Event "15th Karpov GM 2014"]
[Site "Poikovsky RUS"]
[Date "2014.05.18"]
[Round "7.1"]
[White "Bacrot, Etienne"]
[Black "Morozevich, Alexander"]
[Result "1/2-1/2"]
[WhiteTitle "GM"]
[BlackTitle "GM"]
[WhiteElo "2721"]
[BlackElo "2719"]
[WhiteFideId "605506"]
[BlackFideId "4116992"]
[EventDate "2014.05.11"]

1. c4 g6 2. Nf3 Bg7 3. d4 Nf6 4. g3 c6 5. Bg2 d5 6. b3 a5 7. O-O O-O 8. Bb2 a4
9. Nbd2 Bf5 10. Nh4 Bg4 11. h3 Be6 12. Nhf3 Bh6 13. e3 Qa5 14. Rc1 Nbd7 15. Ne5
axb3 16. axb3 Qb6 17. g4 Ra2 18. Nd3 dxc4 19. Nxc4 Qb5 20. f4 Nd5 21. Rf2 N5b6
22. Qc2 f5 23. Bf1 Nd5 24. Qd1 Bg7 25. gxf5 Bxf5 26. Ba3 Rxf2 27. Nxf2 Be6 28.
Ne4 N7f6 29. Nc5 Bf7 30. Qe1 Ra8 31. Ra1 b6 32. Nd2 Qa5 33. Bb2 Qxa1 34. Bxa1
bxc5 35. dxc5 Nxe3 36. Qxe3 Nd5 37. Qe4 Rxa1 38. Nf3 Bc3 39. Kg2 Bb4 40. Bc4
Bxc5 41. Ng5 Ra2+ 42. Kh1 Ra1+ 43. Kg2 Ra2+ 44. Kh1 Ra1+ 1/2-1/2

[Event "15th Karpov GM 2014"]
[Site "Poikovsky RUS"]
[Date "2014.05.18"]
[Round "7.2"]
[White "Jakovenko, Dmitry"]
[Black "Saric, Ivan"]
[Result "1-0"]
[WhiteTitle "GM"]
[BlackTitle "GM"]
[WhiteElo "2730"]
[BlackElo "2666"]
[WhiteFideId "4122356"]
[BlackFideId "14508150"]
[EventDate "2014.05.11"]

1. d4 Nf6 2. c4 g6 3. g3 c6 4. Bg2 d5 5. Nf3 Bg7 6. O-O O-O 7. Qb3 Qb6 8. Nc3
Rd8 9. Rd1 Na6 10. Qxb6 axb6 11. Na4 Nd7 12. cxd5 cxd5 13. Bf4 e6 14. Nc3 Nf6
15. Na4 Nd7 16. Ne5 Bxe5 17. dxe5 Nb4 18. Nc3 Kg7 19. e4 d4 20. Nb5 Nc5 21. Nxd4
Rxd4 22. Rxd4 Nc2 23. Rad1 Nxd4 24. Rxd4 Rxa2 25. h4 Nd7 26. Rc4 Ra1+ 27. Kh2
Ra8 28. Rc7 h6 29. Bf1 Nc5 30. Bb5 Na6 31. Re7 Nc5 32. Rc7 Na6 33. Re7 Nc5 34.
Be3 Ra5 35. b4 Rxb5 36. bxc5 bxc5 37. Rc7 b6 38. Rxc8 Rb4 39. Rb8 Rb5 40. Kg2
Rb4 41. Rb7 Rb5 42. f4 Kg8 43. h5 gxh5 44. Kf3 Rb3 45. f5 b5 46. f6 h4 47. gxh4
b4 48. Rb8+ Kh7 49. Rf8 Kg6 50. Rh8 1-0

[Event "15th Karpov GM 2014"]
[Site "Poikovsky RUS"]
[Date "2014.05.18"]
[Round "7.4"]
[White "Nepomniachtchi, Ian"]
[Black "Sutovsky, Emil"]
[Result "1/2-1/2"]
[WhiteTitle "GM"]
[BlackTitle "GM"]
[WhiteElo "2735"]
[BlackElo "2642"]
[WhiteFideId "4168119"]
[BlackFideId "2802007"]
[EventDate "2014.05.11"]

1. e4 c5 2. Nf3 Nc6 3. Bb5 g6 4. O-O Bg7 5. Bxc6 bxc6 6. Re1 Nf6 7. e5 Nd5 8. c4
Nc7 9. d4 O-O 10. Nc3 cxd4 11. Qxd4 Ne6 12. Qh4 f6 13. exf6 exf6 14. b3 f5 15.
Qxd8 Rxd8 16. Bb2 c5 17. Rad1 Bb7 18. Ne5 Nf4 19. Nd5 Nxd5 20. cxd5 d6 21. Nc4
Bxb2 22. Nxb2 Re8 23. f3 Rxe1+ 24. Rxe1 Kf7 25. Nc4 Rd8 26. Rd1 Ba6 27. Rb1 Bb7
28. Rd1 Ba6 29. Rb1 Bb7 30. Rd1 1/2-1/2

[Event "15th Karpov GM 2014"]
[Site "Poikovsky RUS"]
[Date "2014.05.18"]
[Round "7.5"]
[White "Eljanov, Pavel"]
[Black "Shirov, Alexei"]
[Result "1/2-1/2"]
[WhiteTitle "GM"]
[BlackTitle "GM"]
[WhiteElo "2732"]
[BlackElo "2703"]
[WhiteFideId "14102951"]
[BlackFideId "2209390"]
[EventDate "2014.05.11"]

1. d4 d5 2. c4 c6 3. Nf3 Nf6 4. Qb3 dxc4 5. Qxc4 Bg4 6. Nbd2 g6 7. Qb3 Qb6 8.
Nc4 Qxb3 9. axb3 Nbd7 10. Bf4 Bg7 11. Nfe5 Nd5 12. Bd2 Nxe5 13. Nxe5 Be6 14. b4
O-O 15. e3 Bxe5 16. dxe5 Nb6 17. h4 Rfd8 18. e4 Bc4 19. Bc3 Bb5 20. b3 Bxf1 21.
Kxf1 Rd3 22. Rh3 Rxh3 23. gxh3 a6 24. Ke2 Kf8 25. Ke3 Nd7 26. f4 c5 27. b5 Rb8
28. bxa6 bxa6 29. Ra3 e6 30. Kd3 Ke7 31. Kc4 Ra8 32. Ra1 f6 33. exf6+ Nxf6 34.
Bxf6+ Kxf6 35. Kxc5 e5 36. fxe5+ Kxe5 37. Ra4 Rc8+ 38. Kb4 Rb8+ 39. Ka3 Rb6 40.
h5 gxh5 41. Rc4 h4 42. Ka4 1/2-1/2

[Event "15th Karpov GM 2014"]
[Site "Poikovsky RUS"]
[Date "2014.05.19"]
[Round "8.1"]
[White "Jakovenko, Dmitry"]
[Black "Bacrot, Etienne"]
[Result "1/2-1/2"]
[WhiteTitle "GM"]
[BlackTitle "GM"]
[WhiteElo "2730"]
[BlackElo "2721"]
[WhiteFideId "4122356"]
[BlackFideId "605506"]
[EventDate "2014.05.11"]

1. e4 e5 2. Nf3 Nc6 3. Bb5 Nf6 4. O-O Nxe4 5. d4 Nd6 6. Bxc6 dxc6 7. dxe5 Nf5 8.
Qxd8+ Kxd8 9. Nc3 Ke8 10. h3 h5 11. Bg5 Be6 12. Ne2 Bd5 13. Ned4 Nxd4 14. Nxd4
Bc5 15. Rad1 Kf8 16. b3 Re8 17. c4 Be4 18. Rfe1 Bg6 19. Nf3 Bf5 20. Re2 1/2-1/2

[Event "15th Karpov GM 2014"]
[Site "Poikovsky RUS"]
[Date "2014.05.19"]
[Round "8.2"]
[White "Morozevich, Alexander"]
[Black "Nepomniachtchi, Ian"]
[Result "1/2-1/2"]
[WhiteTitle "GM"]
[BlackTitle "GM"]
[WhiteElo "2719"]
[BlackElo "2735"]
[WhiteFideId "4116992"]
[BlackFideId "4168119"]
[EventDate "2014.05.11"]

1. d4 Nf6 2. c4 g6 3. Nc3 d5 4. Nf3 Bg7 5. h4 c6 6. cxd5 cxd5 7. Bf4 Nc6 8. e3
O-O 9. Be2 Bg4 10. O-O Rc8 11. Ne5 Bxe2 12. Qxe2 e6 13. Nd3 Nd7 14. h5 a6 15.
Rac1 Qe7 16. hxg6 1/2-1/2

[Event "15th Karpov GM 2014"]
[Site "Poikovsky RUS"]
[Date "2014.05.19"]
[Round "8.4"]
[White "Shirov, Alexei"]
[Black "Bologan, Viktor"]
[Result "1-0"]
[WhiteTitle "GM"]
[BlackTitle "GM"]
[WhiteElo "2703"]
[BlackElo "2655"]
[WhiteFideId "2209390"]
[BlackFideId "13900048"]
[EventDate "2014.05.11"]

1. e4 e6 2. d4 d5 3. e5 c5 4. c3 Nc6 5. Nf3 Bd7 6. Be2 f6 7. O-O fxe5 8. Nxe5
Nxe5 9. dxe5 Qc7 10. c4 O-O-O 11. cxd5 Qxe5 12. Nc3 exd5 13. Qxd5 Qxd5 14. Nxd5
Bd6 15. Bg5 Re8 16. Be3 Ne7 17. Nxe7+ Rxe7 18. Rac1 Kc7 19. b4 b6 20. bxc5 Bxc5
21. Bf3 Rxe3 22. fxe3 Be6 23. Rc3 a5 24. a4 Kd6 25. Bd1 Re8 26. Rf4 Ke5 27. Rh4
h6 28. Rh5+ Kd6 29. Kf2 Rf8+ 30. Bf3 g5 31. Ke2 Rf6 32. h4 g4 33. Bd5 Bd7 34.
Bb3 g3 35. Kd3 Bg4 36. Rd5+ Kc6 37. Rd4 h5 38. Rf4 Rd6+ 39. Ke4 Rd2 40. Rf6+ Kc7
41. Rf7+ Kd6 42. Rc2 Rxc2 43. Bxc2 Bb4 44. Kf4 Bc3 45. Kxg3 Be5+ 46. Kf2 Kc5 47.
Bd3 Kb4 48. Rb7 Kxa4 49. Rxb6 Bc7 50. Rb7 Bd6 51. Be2 1-0

[Event "15th Karpov GM 2014"]
[Site "Poikovsky RUS"]
[Date "2014.05.19"]
[Round "8.5"]
[White "Sutovsky, Emil"]
[Black "Eljanov, Pavel"]
[Result "0-1"]
[WhiteTitle "GM"]
[BlackTitle "GM"]
[WhiteElo "2642"]
[BlackElo "2732"]
[WhiteFideId "2802007"]
[BlackFideId "14102951"]
[EventDate "2014.05.11"]

1. e4 c6 2. d4 d5 3. Nc3 dxe4 4. Nxe4 Bf5 5. Ng3 Bg6 6. Nf3 e6 7. h4 h6 8. Ne5
Bh7 9. Bd3 Bxd3 10. Qxd3 Nd7 11. f4 Bb4+ 12. c3 Be7 13. Bd2 Ngf6 14. O-O-O c5
15. Be3 O-O 16. Ne4 cxd4 17. Bxd4 Nxe5 18. fxe5 Nxe4 19. Qxe4 Qc7 20. g4 Rad8
21. g5 h5 22. Rhf1 g6 23. Rf4 Rd7 24. Rdf1 Kg7 25. Qe3 b6 26. Qf2 Bc5 27. Kb1
Bxd4 28. cxd4 Qc4 29. Rc1 Qd3+ 30. Ka1 Rc8 31. Rf1 Rcc7 32. a3 b5 33. Rf6 b4 34.
axb4 Qb3 35. Qf3 Qxb4 36. Rf4 Qa4+ 37. Kb1 Qc2+ 38. Ka1 Kg8 39. Qe4 Kg7 40. Qxc2
Rxc2 41. d5 exd5 42. Re1 d4 43. Kb1 d3 44. Rd1 Re2 45. Rf3 Rb7 46. Rdxd3 Rbxb2+
47. Kc1 Ra2 48. Kb1 Reb2+ 49. Kc1 Rh2 50. Kb1 Rae2 51. Rf1 Rxe5 52. Rd7 Rf5 53.
Rxf5 gxf5 54. Rxa7 f4 55. Ra3 Kg6 56. Ra6+ Kf5 57. Rf6+ Ke4 58. Rxf7 Rxh4 59.
Kc2 Rg4 60. Rg7 h4 61. Kd2 Kf3 62. g6 Kg2 63. Rf7 h3 0-1

[Event "15th Karpov GM 2014"]
[Site "Poikovsky RUS"]
[Date "2014.05.20"]
[Round "9.1"]
[White "Nepomniachtchi, Ian"]
[Black "Jakovenko, Dmitry"]
[Result "1-0"]
[WhiteTitle "GM"]
[BlackTitle "GM"]
[WhiteElo "2735"]
[BlackElo "2730"]
[WhiteFideId "4168119"]
[BlackFideId "4122356"]
[EventDate "2014.05.11"]

1. Nf3 Nf6 2. g3 d5 3. Bg2 e6 4. O-O Be7 5. d3 O-O 6. Nbd2 c5 7. e4 Nc6 8. Re1
b5 9. e5 Nd7 10. Nf1 a5 11. h4 b4 12. h5 a4 13. h6 g6 14. a3 bxa3 15. bxa3 Ba6
16. N1h2 Rc8 17. Ng4 Nd4 18. Nxd4 cxd4 19. Bd2 Rb8 20. Ra2 Rb5 21. Qa1 Qb6 22.
Bb4 Bc5 23. Nh2 Nb8 24. Bxc5 Qxc5 25. Qc1 Nd7 26. Nf3 Rfb8 27. Qf4 Rb2 28. Rxb2
Rxb2 29. Ng5 Qe7 30. Bxd5 Rxc2 31. Bc4 Bxc4 32. dxc4 d3 33. Rd1 d2 34. Rxd2 Rxd2
35. Qxd2 Nxe5 36. Qb2 Qd6 37. c5 Qd1+ 38. Kg2 Qd5+ 39. f3 Kf8 40. c6 Ke7 41. c7 1-0

[Event "15th Karpov GM 2014"]
[Site "Poikovsky RUS"]
[Date "2014.05.20"]
[Round "9.2"]
[White "Eljanov, Pavel"]
[Black "Morozevich, Alexander"]
[Result "1/2-1/2"]
[WhiteTitle "GM"]
[BlackTitle "GM"]
[WhiteElo "2732"]
[BlackElo "2719"]
[WhiteFideId "14102951"]
[BlackFideId "4116992"]
[EventDate "2014.05.11"]

1. Nf3 Nf6 2. c4 g6 3. Nc3 Bg7 4. e4 d6 5. d4 O-O 6. Be2 c5 7. O-O Re8 8. Be3
Ng4 9. Bg5 h6 10. Bc1 Nf6 11. h3 cxd4 12. Nxd4 b6 13. Be3 Bb7 14. Qd2 h5 15. f3
Nbd7 16. Rf2 a6 17. g4 e6 18. g5 Nh7 19. Rg2 Qe7 20. Nc2 d5 21. exd5 exd5 22.
Rd1 Rac8 23. Nxd5 Bxd5 24. Qxd5 Nc5 25. f4 Ne4 26. Qd7 Bxb2 27. Qxe7 Rxe7 28.
Bf1 b5 29. cxb5 Nc3 30. Rd3 Nxb5 31. a4 Nc3 32. a5 Na4 33. Rb3 Bg7 34. f5 Nc5
35. Rb6 Rxe3 36. Nxe3 Bd4 37. Bxa6 Bxe3+ 38. Kf1 Nxa6 39. Rxa6 gxf5 40. g6 Nf8
41. gxf7+ Kxf7 42. Rb2 Ne6 43. Ke2 Bc5 44. Rb1 Kf6 45. Kf3 Rd8 46. Rc6 Rd3+ 47.
Ke2 Rxh3 48. Rb5 Re3+ 49. Kf1 Rf3+ 50. Kg2 Rf2+ 51. Kh1 Be3 52. Rb8 Re2 53. Rf8+
Ke7 54. Rxf5 Nd4 55. Re5+ Kd7 56. Rc4 Re1+ 1/2-1/2

[Event "15th Karpov GM 2014"]
[Site "Poikovsky RUS"]
[Date "2014.05.20"]
[Round "9.4"]
[White "Bacrot, Etienne"]
[Black "Saric, Ivan"]
[Result "1-0"]
[WhiteTitle "GM"]
[BlackTitle "GM"]
[WhiteElo "2721"]
[BlackElo "2666"]
[WhiteFideId "605506"]
[BlackFideId "14508150"]
[EventDate "2014.05.11"]

1. c4 e5 2. g3 Nf6 3. Bg2 c6 4. d4 Bb4+ 5. Bd2 Bxd2+ 6. Qxd2 d6 7. Nc3 O-O 8. e3
Be6 9. b3 exd4 10. Qxd4 d5 11. cxd5 Nxd5 12. Nge2 Nxc3 13. Qxc3 Nd7 14. O-O Qe7
15. Nd4 Rfd8 16. Rad1 Qc5 17. Qb2 Nf8 18. Rd2 Qh5 19. Rfd1 c5 20. Nf3 Rxd2 21.
Rxd2 Rc8 22. Ne5 f6 23. Nd3 b6 24. Nf4 Qe8 25. Nxe6 Nxe6 26. Qc2 Rd8 27. Rxd8
Qxd8 28. Qc4 Qd1+ 29. Bf1 Kf7 30. h4 Ke7 31. Qe4 g6 32. Qa8 Qd8 33. Qxa7+ Qc7
34. Qa8 Qd8 35. Qb7+ Qc7 36. Qa8 Nd8 37. Qd5 Qd7 38. Qe4+ Kf8 39. Qf4 Kg7 40.
Qb8 Nc6 41. Qxb6 Ne5 42. Qxc5 Nf3+ 43. Kh1 Qd2 44. Qc7+ Kg8 45. Qc8+ 1-0

[Event "15th Karpov GM 2014"]
[Site "Poikovsky RUS"]
[Date "2014.05.20"]
[Round "9.5"]
[White "Bologan, Viktor"]
[Black "Sutovsky, Emil"]
[Result "1-0"]
[WhiteTitle "GM"]
[BlackTitle "GM"]
[WhiteElo "2655"]
[BlackElo "2642"]
[WhiteFideId "13900048"]
[BlackFideId "2802007"]
[EventDate "2014.05.11"]

1. d4 Nf6 2. c4 g6 3. Nc3 d5 4. cxd5 Nxd5 5. e4 Nxc3 6. bxc3 Bg7 7. Qa4+ Qd7 8.
Qb3 O-O 9. Nf3 c5 10. d5 e6 11. Bc4 exd5 12. Bxd5 Na6 13. Be3 Nc7 14. Bxc5 Nxd5
15. exd5 Re8+ 16. Be3 b6 17. O-O Ba6 18. c4 Bxa1 19. Rxa1 Rac8 20. Nd2 Re5 21.
h3 b5 22. Qa3 Bb7 23. Qxa7 bxc4 24. Rb1 Re7 25. d6 Qc6 26. f3 Qxd6 27. Rxb7 Rxb7
28. Qxb7 Rb8 29. Qe4 c3 30. Nb3 Qe6 31. Qd4 Re8 32. Bf4 c2 33. Kh2 h5 34. Nc5
Qb6 35. Qd7 Re1 36. Qc8+ Kh7 37. Qf8 Qf6 38. Nd3 c1=Q 39. Qh6+ Kg8 40. Nxc1 Qd4
41. Bd2 Qg1+ 42. Kg3 Rd1 43. Bc3 1-0